|
|
|
|
| LEADER |
00000nam0a2200000 4500 |
| 001 |
4503 |
| 005 |
20260304155512.0 |
| 010 |
|
|
|a 5873226385
|
| 035 |
|
|
|a (RuTPU)RU\TPU\book\4527
|
| 035 |
|
|
|a BOOK00004543
|
| 090 |
|
|
|a 4503
|
| 100 |
|
|
|a 20011209d1997 m y0rusy50 ca
|
| 101 |
0 |
|
|a rus
|
| 102 |
|
|
|a RU
|
| 105 |
|
|
|a a z 000zd
|
| 200 |
1 |
|
|a Палачи и жертвы
|f К. Столяров
|
| 210 |
|
|
|a Москва
|c Олма-Пресс
|d 1997
|
| 215 |
|
|
|a 365 с.
|c ил.
|
| 225 |
1 |
|
|a Досье
|
| 600 |
|
1 |
|a Берия
|g Лаврентий Павлович
|f 1899-1953
|b Л. П.
|c Советский партийный и государственный деятель
|2 stltpui
|3 (RuTPU)RU\TPU\pers\38
|
| 600 |
|
1 |
|a Абакумов
|b В. С.
|g Виктор Семенович
|c генерал-полковник
|f 1908-1954
|c комиссар государственной безопасности СССР
|2 stltpush
|3 (RuTPU)RU\TPU\pers\9628
|
| 600 |
|
1 |
|a Солженицын
|g Александр Исаевич
|b А. И.
|c русский писатель
|c академик РАН
|f 1918 -
|2 stltpui
|3 (RuTPU)RU\TPU\pers\1117
|
| 606 |
|
|
|a Политические репрессии в СССР
|x История
|9 82090
|
| 610 |
1 |
|
|a СССР
|
| 610 |
1 |
|
|a КГБ
|
| 686 |
|
|
|a Т3(2)6-361
|2 rubbk
|
| 700 |
|
1 |
|a Столяров
|b К.
|g Кирилл
|
| 801 |
|
0 |
|a RU
|b 63413507
|c 20011209
|g PSBO
|
| 801 |
|
2 |
|a RU
|b 63413507
|c 20040721
|g PSBO
|
| 942 |
|
|
|c BK
|